[Event "Karvina op"]
[Site "Karvina"]
[Date "2017.07.07"]
[Round "7"]
[White "Gruszka, Ales"]
[Black "Hanak, Tomas"]
[Result "0-1"]
[WhiteElo "1667"]
[BlackElo "1771"]
[PlyCount "78"]
[EventDate "2017.07.01"]
[EventType "swiss"]
[EventRounds "9"]
[EventCountry "CZE"]
[SourceTitle "EXT 2018"]
[Source "ChessBase"]
[SourceDate "2017.10.13"]
[SourceVersion "1"]
[SourceVersionDate "2017.10.13"]
[SourceQuality "1"]

1. e4 d6 2. d4 Nf6 3. Nc3 g6 4. h4 Bg7 5. Be2 c5 6. dxc5 Qa5 7. cxd6 Nxe4 8. dxe7 Nxc3 9. bxc3 Bxc3+ 10. Bd2 Bxd2+ 11. Qxd2 Qxd2+ 12. Kxd2 Kxe7 13. Re1 Rd8+ 14. Bd3+ Kf6 15. Ne2 Be6 16. Nc3 Nd7 17. f4 Nc5 18. Ke3 Rac8 19. a3 h5 20. Ne4+ Nxe4 21. Bxe4 Rc3+ 22. Kf2 Rd2+ 23. Re2 Rxe2+ 24. Kxe2 b6 25. Ra1 Bf5 26. Bd3 Bxd3+ 27. cxd3 Rc2+ 28. Kf3 Rd2 29. a4 Rxd3+ 30. Kf2 Kf5 31. a5 Kxf4 32. axb6 axb6 33. Ra7 Rd2+ 34. Kf1 f5 35. Rg7 Rd6 36. Kf2 Kg4 37. g3 Rc6 38. Rb7 f4 39. gxf4 Kxh4 0-1

[Event "Karvina op"]
[Site "Karvina"]
[Date "2016.07.08"]
[Round "7"]
[White "Gruszka, Ales"]
[Black "Kolar, Stanislav"]
[Result "0-1"]
[WhiteElo "1660"]
[BlackElo "2100"]
[PlyCount "46"]
[EventDate "2016.07.02"]
[EventType "swiss"]
[EventRounds "9"]
[EventCountry "CZE"]
[SourceTitle "EXT 2017"]
[Source "ChessBase"]
[SourceDate "2016.10.25"]
[SourceVersion "1"]
[SourceVersionDate "2016.10.25"]
[SourceQuality "1"]

1. e4 c6 2. d4 d5 3. Nc3 b5 4. a3 dxe4 5. Nxe4 Nf6 6. Nxf6+ exf6 7. Bf4 Be6 8. Be2 Bd6 9. Bg3 0-0 10. Nf3 Re8 11. 0-0 Bxg3 12. fxg3 Nd7 13. b4 Nb6 14. Re1 Qd6 15. Rc1 a5 16. Qd2 axb4 17. Qxb4 Qxb4 18. axb4 Red8 19. Bd3 g6 20. Be4 Bd5 21. Bxd5 Nxd5 22. c3 Ra3 23. Kf1 Kf8 0-1

[Event "Karvina op"]
[Site "Karvina"]
[Date "2016.07.07"]
[Round "6"]
[White "Maroszczyk, Wieslaw"]
[Black "Gruszka, Ales"]
[Result "1-0"]
[WhiteElo "1920"]
[BlackElo "1660"]
[PlyCount "39"]
[EventDate "2016.07.02"]
[EventType "swiss"]
[EventRounds "9"]
[EventCountry "CZE"]
[SourceTitle "EXT 2017"]
[Source "ChessBase"]
[SourceDate "2016.10.25"]
[SourceVersion "1"]
[SourceVersionDate "2016.10.25"]
[SourceQuality "1"]

1. d4 b6 2. e4 Bb7 3. Bd3 e6 4. Nf3 c5 5. c3 d5 6. Bb5+ Bc6 7. Bxc6+ Nxc6 8. Qa4 Qd7 9. exd5 exd5 10. 0-0 Bd6 11. dxc5 bxc5 12. Bf4 Bxf4 13. Qxf4 Nge7 14. Nbd2 0-0 15. Nb3 c4 16. Nbd4 Ng6 17. Qg3 Rfe8 18. Rfe1 Re4 19. Nxc6 Rg4 20. Nce5 1-0

[Event "Orlova op 13th"]
[Site "Orlova"]
[Date "2016.05.25"]
[Round "5"]
[White "Sramek, Vojtech"]
[Black "Gruszka, Ales"]
[Result "1-0"]
[WhiteElo "1922"]
[BlackElo "1689"]
[PlyCount "47"]
[EventDate "2016.05.21"]
[EventType "swiss"]
[EventRounds "9"]
[EventCountry "CZE"]
[SourceTitle "EXT 2017"]
[Source "ChessBase"]
[SourceDate "2016.10.25"]
[SourceVersion "1"]
[SourceVersionDate "2016.10.25"]
[SourceQuality "1"]

1. e4 b6 2. d4 Bb7 3. Nc3 e6 4. Nf3 Bb4 5. Bd3 Ne7 6. a3 Bxc3+ 7. bxc3 d6 8. 0-0 Nd7 9. Bg5 h6 10. Bh4 g5 11. Bg3 Ng6 12. e5 Qe7 13. Bxg6 fxg6 14. Qd3 0-0-0 15. exd6 cxd6 16. Rfe1 Kb8 17. Qc4 Rhe8 18. a4 h5 19. Qb4 Kc7 20. Nxg5 e5 21. h4 a5 22. Qb5 Bc6 23. Qc4 d5 24. Qe2 1-0

[Event "Orlova op 13th"]
[Site "Orlova"]
[Date "2016.05.22"]
[Round "2"]
[White "Gruszka, Ales"]
[Black "Kotas, Marian"]
[Result "1-0"]
[WhiteElo "1689"]
[BlackElo "1337"]
[PlyCount "63"]
[EventDate "2016.05.21"]
[EventType "swiss"]
[EventRounds "9"]
[EventCountry "CZE"]
[SourceTitle "EXT 2017"]
[Source "ChessBase"]
[SourceDate "2016.10.25"]
[SourceVersion "1"]
[SourceVersionDate "2016.10.25"]
[SourceQuality "1"]

1. e4 d6 2. d4 Nf6 3. Bd3 g6 4. Ne2 Bg7 5. 0-0 0-0 6. f4 Nbd7 7. e5 Ne8 8. c4 c5 9. f5 dxe5 10. d5 Nd6 11. Nbc3 gxf5 12. Bxf5 Nxc4 13. Qd3 Nd6 14. Bxh7+ Kh8 15. g4 Nf6 16. Rxf6 Bxg4 17. Rxd6 exd6 18. Bf5 Qh4 19. Qg3 Qxg3+ 20. Nxg3 Bxf5 21. Nxf5 Rfd8 22. Ne4 Bf8 23. Bg5 Rd7 24. Bf6+ Kh7 25. Rf1 Bh6 26. Rf3 Rg8+ 27. Kf2 Bf4 28. Rh3+ Kg6 29. Ne7+ Rxe7 30. Bxe7 Kf5 31. Nxd6+ Kg4 32. Rh4# 1-0

[Event "Orlova op 13th"]
[Site "Orlova"]
[Date "2016.05.21"]
[Round "1"]
[White "Olsar, Jaroslav"]
[Black "Gruszka, Ales"]
[Result "1-0"]
[WhiteElo "2221"]
[BlackElo "1689"]
[PlyCount "35"]
[EventDate "2016.05.21"]
[EventType "swiss"]
[EventRounds "9"]
[EventCountry "CZE"]
[SourceTitle "EXT 2017"]
[Source "ChessBase"]
[SourceDate "2016.10.25"]
[SourceVersion "1"]
[SourceVersionDate "2016.10.25"]
[SourceQuality "1"]

1. e4 e6 2. d4 d5 3. e5 c5 4. c3 Qb6 5. Nf3 Bd7 6. Be2 Bb5 7. c4 Bxc4 8. Bxc4 dxc4 9. d5 exd5 10. Qxd5 Nd7 11. 0-0 Be7 12. Nc3 Rd8 13. Re1 Qc6 14. Qxc4 Nb6 15. Qe2 Nh6 16. Nb5 Nc8 17. e6 Nd6 18. exf7+ 1-0

[Event "CZE-chT U20 Extraliga final-A 1415"]
[Site "Czech Republic"]
[Date "2015.04.25"]
[Round "10.4"]
[White "Gruszka, Ales"]
[Black "Hurdzan, Tomas"]
[Result "0-1"]
[WhiteElo "1579"]
[BlackElo "1946"]
[PlyCount "66"]
[EventDate "2014.10.11"]
[EventType "team-tourn"]
[EventRounds "11"]
[EventCountry "CZE"]
[SourceTitle "EXT 2021"]
[Source "ChessBase"]
[SourceDate "2020.10.23"]
[SourceVersion "1"]
[SourceVersionDate "2020.10.23"]
[SourceQuality "1"]
[WhiteTeam "Orlova Slavia (U20)"]
[BlackTeam "Klatovy (U20)"]
[WhiteTeamCountry "CZE"]
[BlackTeamCountry "CZE"]

1. e4 c5 2. Nc3 Nc6 3. f4 g6 4. Nf3 Bg7 5. Bc4 e6 6. 0-0 Nge7 7. Qe1 a6 8. d3 b5 9. Bb3 0-0 10. Qh4 d5 11. a3 c4 12. Ba2 a5 13. f5 exf5 14. Bh6 fxe4 15. Ng5 Nf5 16. Rxf5 Bxf5 17. Bxg7 Kxg7 18. Qxh7+ Kf6 19. dxe4 dxe4 20. h4 e3 21. Re1 Qd4 22. Kh1 Rae8 23. Qh6 Rh8 24. Nh7+ Rxh7 25. Qxh7 b4 26. axb4 axb4 27. Nb5 Qd2 28. Rg1 e2 29. Bxc4 Ne5 30. Bxe2 Qxe2 31. Nd4 Qf2 32. c3 Ng4 33. Ra1 Re1+ 0-1

[Event "CZE-chT U20 Extraliga final-A 1415"]
[Site "Czech Republic"]
[Date "2015.04.25"]
[Round "9.4"]
[White "Novy, Filip"]
[Black "Gruszka, Ales"]
[Result "1-0"]
[WhiteElo "1789"]
[BlackElo "1579"]
[PlyCount "101"]
[EventDate "2014.10.11"]
[EventType "team-tourn"]
[EventRounds "11"]
[EventCountry "CZE"]
[SourceTitle "EXT 2021"]
[Source "ChessBase"]
[SourceDate "2020.10.23"]
[SourceVersion "1"]
[SourceVersionDate "2020.10.23"]
[SourceQuality "1"]
[WhiteTeam "Praha Promat Oaza (U20)"]
[BlackTeam "Orlova Slavia (U20)"]
[WhiteTeamCountry "CZE"]
[BlackTeamCountry "CZE"]

1. e4 e6 2. d4 d5 3. Nc3 Bb4 4. e5 c5 5. Bd2 cxd4 6. Nb5 Be7 7. f4 Nh6 8. Bd3 a6 9. Nxd4 Qb6 10. Nb3 Nc6 11. Nf3 Nf5 12. Bxf5 exf5 13. c3 Be6 14. Qe2 0-0 15. Be3 Qc7 16. 0-0 Rac8 17. Qf2 Nb8 18. Bb6 Qc6 19. Na5 Qb5 20. a4 Qe8 21. Nxb7 Nd7 22. Bd4 Rb8 23. Na5 Qc8 24. b4 Bd8 25. Nb3 Bb6 26. Bxb6 Nxb6 27. Nc5 Nc4 28. Nd2 Nxd2 29. Qxd2 Rd8 30. Qd4 Qc6 31. h3 h6 32. Kh2 Rdc8 33. Rg1 h5 34. Rgf1 g6 35. Rfd1 Kg7 36. Qd3 Ra8 37. Qe3 Rab8 38. Rd4 Kg8 39. Qd3 Ra8 40. a5 Kg7 41. Na4 Rab8 42. Ra3 Rd8 43. Nb6 Bc8 44. Ra2 Bb7 45. Rd2 Qc7 46. Kg3 Kf8 47. Kf2 Ke7 48. Nxd5+ Bxd5 49. Rxd5 Rxd5 50. Qxd5 Rc8 51. Rd3 1-0

[Event "CZE-chT U20 Extraliga final-A 1415"]
[Site "Czech Republic"]
[Date "2015.04.24"]
[Round "8.4"]
[White "Gruszka, Ales"]
[Black "Horak, Martin"]
[Result "1-0"]
[WhiteElo "1579"]
[BlackElo "2066"]
[PlyCount "99"]
[EventDate "2014.10.11"]
[EventType "team-tourn"]
[EventRounds "11"]
[EventCountry "CZE"]
[SourceTitle "EXT 2021"]
[Source "ChessBase"]
[SourceDate "2020.10.23"]
[SourceVersion "1"]
[SourceVersionDate "2020.10.23"]
[SourceQuality "1"]
[WhiteTeam "Orlova Slavia (U20)"]
[BlackTeam "Vlasim (U20)"]
[WhiteTeamCountry "CZE"]
[BlackTeamCountry "CZE"]

1. e4 c5 2. Nc3 Nc6 3. f4 e6 4. Nf3 d5 5. Bb5 Nge7 6. 0-0 a6 7. Bxc6+ Nxc6 8. d3 Be7 9. Qe1 0-0 10. Qg3 b5 11. f5 d4 12. Ne2 Re8 13. Bh6 Bf8 14. Nf4 Kh8 15. fxe6 gxh6 16. exf7 Bd6 17. fxe8Q+ Qxe8 18. Rae1 Ne5 19. Nxe5 Bxe5 20. Qh4 Bg7 21. Nh5 Bf8 22. Qf6+ Kg8 23. h3 Ra7 24. Qb6 Qe7 25. Rf3 Rb7 26. Rg3+ Kh8 27. Qf6+ Qxf6 28. Nxf6 Bg7 29. Rf1 Rb6 30. Nh5 Rg6 31. Rxg6 hxg6 32. Nxg7 Kxg7 33. e5 Be6 34. Rf6 Bxa2 35. Rxa6 Bb1 36. Rc6 Bxc2 37. Rxc5 Bxd3 38. Rd5 Kf7 39. Rxd4 Bc4 40. Rd6 Be6 41. Kf2 h5 42. h4 b4 43. Ke3 b3 44. Kf4 Bf5 45. Kg5 Be4 46. g3 Bf5 47. Rb6 Bc2 48. Rd6 Bf5 49. Rf6+ Ke7 50. Rxf5 1-0

[Event "Orlova op-A 11th"]
[Site "Orlova"]
[Date "2014.05.31"]
[Round "6"]
[White "Gruszka, Ales"]
[Black "Vahala, Tomas"]
[Result "0-1"]
[WhiteElo "1566"]
[BlackElo "1835"]
[PlyCount "112"]
[EventDate "2014.05.26"]
[EventType "swiss"]
[EventRounds "9"]
[EventCountry "CZE"]
[SourceTitle "CBM 160 Extra"]
[Source "ChessBase"]
[SourceDate "2014.07.01"]
[SourceVersion "1"]
[SourceVersionDate "2014.07.01"]
[SourceQuality "1"]

1. e4 c5 2. Nc3 d6 3. f4 g6 4. Nf3 Bg7 5. Bb5+ Bd7 6. Bxd7+ Qxd7 7. 0-0 Nc6 8. d3 e6 9. Qe1 Nge7 10. h3 0-0 11. Qh4 f5 12. g4 Nd4 13. Nxd4 cxd4 14. Ne2 Rac8 15. c4 dxc3 16. bxc3 b5 17. Bd2 a6 18. Rae1 Qa7+ 19. Kh2 Rf7 20. Qg3 Qd7 21. h4 fxg4 22. Qxg4 h5 23. Qh3 Rcf8 24. Ng1 d5 25. exd5 Qxd5 26. Qxe6 Qxd3 27. Nf3 Kh8 28. Rf2 Nd5 29. Ng5 Rf6 30. Qe4 Qxe4 31. Rxe4 Rc6 32. Re6 Rxe6 33. Nxe6 Rc8 34. f5 Rc6 35. Nxg7 Kxg7 36. Rg2 Rf6 37. Rxg6+ Rxg6 38. fxg6 Kxg6 39. Kg3 Kf5 40. Kf3 Nb6 41. Bh6 Nc4 42. Bf8 Ne5+ 43. Kg3 Ke4 44. Bb4 Nc4 45. Bf8 Ne3 46. a3 Nf5+ 47. Kh3 Kf3 48. Bc5 Ke2 49. Kg2 Nxh4+ 50. Kg3 Ng6 51. Bd6 Kd3 52. Bb4 Ne5 53. Kh4 Nc4 54. Kxh5 Ne3 55. Kg5 Nd1 56. Kf4 Nxc3 0-1

[Event "Orlova op-A 11th"]
[Site "Orlova"]
[Date "2014.05.30"]
[Round "5"]
[White "Krampol, Vladimir"]
[Black "Gruszka, Ales"]
[Result "1/2-1/2"]
[WhiteElo "1902"]
[BlackElo "1566"]
[PlyCount "36"]
[EventDate "2014.05.26"]
[EventType "swiss"]
[EventRounds "9"]
[EventCountry "CZE"]
[SourceTitle "CBM 160 Extra"]
[Source "ChessBase"]
[SourceDate "2014.07.01"]
[SourceVersion "1"]
[SourceVersionDate "2014.07.01"]
[SourceQuality "1"]

1. Nf3 Nf6 2. c4 e6 3. g3 d5 4. cxd5 exd5 5. Bg2 Bd6 6. d4 h6 7. Nc3 c6 8. 0-0 0-0 9. Re1 Ne4 10. Qc2 f5 11. Ne5 b6 12. e3 Nd7 13. f3 Nxc3 14. Nxd7 Bxd7 15. bxc3 Re8 16. Bd2 Qc7 17. c4 dxc4 18. Qxc4+ Be6 1/2-1/2

[Event "Orlova op-A 11th"]
[Site "Orlova"]
[Date "2014.05.26"]
[Round "1"]
[White "Chudinovskih, Alexander N"]
[Black "Gruszka, Ales"]
[Result "1-0"]
[WhiteElo "2282"]
[BlackElo "1566"]
[PlyCount "57"]
[EventDate "2014.05.26"]
[EventType "swiss"]
[EventRounds "9"]
[EventCountry "CZE"]
[SourceTitle "CBM 160 Extra"]
[Source "ChessBase"]
[SourceDate "2014.07.01"]
[SourceVersion "1"]
[SourceVersionDate "2014.07.01"]
[SourceQuality "1"]

1. e4 e6 2. d4 d5 3. Nc3 Bb4 4. e5 c5 5. a3 Bxc3+ 6. bxc3 Nc6 7. Nf3 Qc7 8. Bd3 Bd7 9. 0-0 Nge7 10. a4 cxd4 11. cxd4 Nb4 12. Ba3 Nxd3 13. Qxd3 Bc6 14. Bd6 Qd7 15. Rfb1 0-0 16. Ng5 g6 17. Qh3 h5 18. Ra3 Bxa4 19. Rxa4 Qxa4 20. Bxe7 Qxc2 21. Rf1 Rfe8 22. Bf6 Qf5 23. Qe3 a5 24. Nxf7 Kxf7 25. Qh6 Qxf6 26. exf6 Kxf6 27. h4 a4 28. Qg5+ Kf7 29. Rd1 1-0

[Event "CZE-chTB U20 1314"]
[Site "Czech Republic"]
[Date "2014.04.26"]
[Round "9.4"]
[White "Gruszka, Ales"]
[Black "Bobek, Daniel"]
[Result "0-1"]
[WhiteElo "1708"]
[BlackElo "1694"]
[PlyCount "48"]
[EventDate "2013.10.12"]
[EventType "team-tourn"]
[EventRounds "11"]
[EventCountry "CZE"]
[SourceTitle "EXT 2015"]
[Source "ChessBase"]
[SourceDate "2014.11.20"]
[SourceVersion "1"]
[SourceVersionDate "2014.11.20"]
[SourceQuality "1"]
[WhiteTeam "Orlova Slavia (U20) II"]
[BlackTeam "Udlice (U20)"]
[WhiteTeamCountry "CZE"]
[BlackTeamCountry "CZE"]

1. e4 c6 2. d4 d5 3. Nc3 dxe4 4. Nxe4 Bf5 5. Ng3 Bg6 6. h4 h6 7. Nf3 Nd7 8. h5 Bh7 9. Bd3 Bxd3 10. Qxd3 Qc7 11. 0-0 e6 12. Re1 Bd6 13. Nf5 Bf8 14. g3 Ngf6 15. Bf4 Qa5 16. Ne5 Nxh5 17. Bd2 Qc7 18. Nxf7 Kxf7 19. Nh4 Ndf6 20. Qg6+ Kg8 21. Ng2 Qf7 22. Qxf7+ Kxf7 23. g4 Nxg4 24. Re4 Ngf6 0-1

[Event "Havirov op 14th"]
[Site "Havirov"]
[Date "2013.08.31"]
[Round "8"]
[White "Pohludka, Ondrej"]
[Black "Gruszka, Ales"]
[Result "1-0"]
[WhiteElo "1991"]
[BlackElo "1540"]
[PlyCount "45"]
[EventDate "2013.08.24"]
[EventType "swiss"]
[EventRounds "9"]
[EventCountry "CZE"]
[SourceTitle "CBM 156 Extra"]
[Source "ChessBase"]
[SourceDate "2013.10.22"]
[SourceVersion "1"]
[SourceVersionDate "2013.10.22"]
[SourceQuality "1"]

1. c4 Nf6 2. Nc3 e6 3. d4 d5 4. Bg5 c6 5. c5 Nbd7 6. e3 e5 7. Be2 Be7 8. Nf3 h6 9. Bh4 exd4 10. exd4 0-0 11. 0-0 Re8 12. Re1 Nh5 13. Bxe7 Rxe7 14. Qd2 Nhf6 15. Bd3 Rxe1+ 16. Rxe1 Nf8 17. b4 Bg4 18. Ne5 Ne6 19. h3 Bh5 20. g4 Bg6 21. Nxg6 fxg6 22. Rxe6 Qd7 23. Qe1 1-0

[Event "Havirov op 14th"]
[Site "Havirov"]
[Date "2013.08.28"]
[Round "5"]
[White "Gruszka, Ales"]
[Black "Kotoucek, Jiri"]
[Result "1-0"]
[WhiteElo "1540"]
[BlackElo "1769"]
[PlyCount "87"]
[EventDate "2013.08.24"]
[EventType "swiss"]
[EventRounds "9"]
[EventCountry "CZE"]
[SourceTitle "CBM 156 Extra"]
[Source "ChessBase"]
[SourceDate "2013.10.22"]
[SourceVersion "1"]
[SourceVersionDate "2013.10.22"]
[SourceQuality "1"]

1. e4 e6 2. d4 d5 3. Nd2 dxe4 4. Nxe4 Bd7 5. Bd3 Bc6 6. Nf3 Nd7 7. 0-0 Ngf6 8. Re1 Nxe4 9. Bxe4 Bxe4 10. Rxe4 Nf6 11. Bg5 Be7 12. Bxf6 Bxf6 13. c3 Qd5 14. Qe2 0-0-0 15. h3 Qh5 16. Qc4 Rd6 17. b4 Rhd8 18. Ne5 Bxe5 19. Rxe5 Qh4 20. a4 Qe7 21. a5 Rc6 22. Qb3 f6 23. Re2 Qd7 24. Rae1 Qd5 25. Qb2 Re8 26. b5 Rd6 27. Qb1 g6 28. Qb4 Rd7 29. Re4 Rde7 30. c4 Qd8 31. a6 f5 32. axb7+ Kxb7 33. R4e2 Qxd4 34. Rd2 Qg7 35. Qa5 Rd7 36. Qa6+ Kb8 37. Ra2 Qd4 38. Rea1 e5 39. Qxa7+ Qxa7 40. Rxa7 Red8 41. R1a5 Rd1+ 42. Kh2 R8d4 43. Ra8+ Kb7 44. c5 1-0

[Event "Karvina op"]
[Site "Karvina"]
[Date "2013.07.05"]
[Round "7"]
[White "Gruszka, Ales"]
[Black "Ochmyt, Jakub"]
[Result "1/2-1/2"]
[WhiteElo "1546"]
[BlackElo "1522"]
[PlyCount "30"]
[EventDate "2013.06.29"]
[EventType "swiss"]
[EventRounds "9"]
[EventCountry "CZE"]
[SourceTitle "CBM 155 Extra"]
[Source "ChessBase"]
[SourceDate "2013.08.26"]
[SourceVersion "1"]
[SourceVersionDate "2013.08.26"]
[SourceQuality "1"]

1. Nf3 d5 2. g3 Nf6 3. Bg2 g6 4. d3 Bg7 5. 0-0 0-0 6. Nbd2 c5 7. c4 e6 8. Re1 b6 9. Qc2 Bb7 10. e4 d4 11. h3 Nbd7 12. Nf1 e5 13. b3 a5 14. a4 Qc7 15. N3h2 Rae8 1/2-1/2

[Event "Karvina op"]
[Site "Karvina"]
[Date "2013.06.29"]
[Round "1"]
[White "Gruszka, Ales"]
[Black "Miturova, Magdalena"]
[Result "0-1"]
[WhiteElo "1546"]
[BlackElo "2121"]
[PlyCount "106"]
[EventDate "2013.06.29"]
[EventType "swiss"]
[EventRounds "9"]
[EventCountry "CZE"]
[SourceTitle "CBM 155 Extra"]
[Source "ChessBase"]
[SourceDate "2013.08.26"]
[SourceVersion "1"]
[SourceVersionDate "2013.08.26"]
[SourceQuality "1"]

1. e4 e5 2. Bc4 Nf6 3. d4 exd4 4. Nf3 Nc6 5. 0-0 Nxe4 6. Re1 d5 7. Bxd5 Qxd5 8. Nc3 Qa5 9. Nxe4 Be6 10. Neg5 0-0-0 11. Nxe6 fxe6 12. Rxe6 Bd6 13. Bg5 Rde8 14. Qe2 Kd7 15. Re1 Qxe1+ 16. Qxe1 Rxe6 17. Qd2 Rhe8 18. g3 h6 19. Bf4 Re2 20. Qd3 Bxf4 21. Qf5+ Kd8 22. Qxf4 R2e4 23. Qf7 R4e7 24. Qb3 Kc8 25. Kg2 Rd7 26. a3 b6 27. Qd3 Kb7 28. b4 a6 29. Qf5 Red8 30. Qd3 Rd5 31. Qg6 R8d7 32. Qd3 g5 33. g4 R7d6 34. h3 Nd8 35. Qe4 Ne6 36. Kg3 Kb8 37. Ne5 Nf4 38. Nd3 Re6 39. Qh7 Ne2+ 40. Kg2 Rdd6 41. Qh8+ Kb7 42. Qh7 Rc6 43. Kh2 Ka7 44. Kg2 Rf6 45. Ne5 Nf4+ 46. Kh2 Rc3 47. Nd3 Nxd3 48. cxd3 Rxf2+ 49. Kg3 Re2 50. Kf3 Re3+ 51. Kf2 Rc2+ 52. Kf1 Rxh3 53. Qe4 Rhh2 0-1

[Event "Orlova op 10th"]
[Site "Orlova"]
[Date "2013.05.18"]
[Round "6"]
[White "Vahala, Tomas"]
[Black "Gruszka, Ales"]
[Result "1/2-1/2"]
[WhiteElo "1893"]
[BlackElo "1528"]
[PlyCount "68"]
[EventDate "2013.05.13"]
[EventType "swiss"]
[EventRounds "9"]
[EventCountry "CZE"]
[SourceTitle "CBM 154 Extra"]
[Source "ChessBase"]
[SourceDate "2013.06.25"]
[SourceVersion "2"]
[SourceVersionDate "2013.06.25"]
[SourceQuality "1"]

1. c4 Nf6 2. Nf3 g6 3. b3 Bg7 4. Bb2 0-0 5. g3 d6 6. d4 Bf5 7. Bg2 Qc8 8. 0-0 Bh3 9. Nbd2 Bxg2 10. Kxg2 Nbd7 11. Re1 Re8 12. d5 e6 13. dxe6 fxe6 14. Qc2 b6 15. e4 e5 16. a3 a5 17. b4 axb4 18. axb4 Qb7 19. Bc3 Rxa1 20. Rxa1 Ra8 21. Rxa8+ Qxa8 22. Ng5 Qb7 23. f3 h6 24. Nh3 Nf8 25. Qb3 Kh7 26. Nf2 N8d7 27. Nd3 Qa8 28. Nb1 g5 29. h3 Nxe4 30. Be1 Ndf6 31. Nd2 Nxd2 32. Bxd2 e4 33. Nf2 Qa1 34. Qe3 exf3+ 1/2-1/2

[Event "Havirov op 13th"]
[Site "Havirov"]
[Date "2012.08.25"]
[Round "1"]
[White "Gruszka, Ales"]
[Black "Trombik, Karel"]
[Result "0-1"]
[WhiteElo "1512"]
[BlackElo "2035"]
[PlyCount "78"]
[EventDate "2012.08.25"]
[EventType "swiss"]
[EventRounds "9"]
[EventCountry "CZE"]
[SourceTitle "EXT 2013"]
[Source "ChessBase"]
[SourceDate "2012.11.22"]
[SourceVersion "1"]
[SourceVersionDate "2012.11.22"]
[SourceQuality "1"]

1. e4 e5 2. Bc4 Nc6 3. Nc3 Nf6 4. d3 Bb4 5. Nge2 0-0 6. 0-0 d6 7. Bg5 Be6 8. Nd5 Bxd5 9. Bxd5 h6 10. Bxf6 Qxf6 11. f4 Bc5+ 12. Kh1 Be3 13. fxe5 Qxe5 14. c3 Ne7 15. Bb3 c6 16. Rf3 Bg5 17. Bc2 d5 18. d4 Qe6 19. Qd3 dxe4 20. Qxe4 Qxe4 21. Bxe4 g6 22. Bd3 Kg7 23. Nf4 Rae8 24. Nh3 f5 25. Nxg5 hxg5 26. Raf1 Nd5 27. g3 Re7 28. h3 Rh8 29. g4 fxg4 30. Rg3 Rxh3+ 31. Rxh3 gxh3 32. Rg1 Nf4 33. Bb1 Kf7 34. Kh2 Re3 35. Rg3 Re1 36. Rf3 Kf6 37. Kg3 Ke6 38. Rf2 Re3+ 39. Kh2 g4 0-1